000 00713nam a2200205 i 4500
001 86510
003 ES-MaACL
005 20230906175449.0
007 t|
008 041213s1945 sp ||||1| spa d
100 1 _aKatz, David.
_967631
245 1 0 _aPsicología de la forma
_b: (Gestaltpsychologie) /
_cDavid Katz ; traducción del alemán por José M. Sacristán.
260 _aMadrid :
_bEspasa-Calpe,
_c[1945]
300 _a124 p. :
_bil. ;
_c23 cm.
490 1 _aMonografías de psicología normal y patológica
700 1 _aSacristán, José María.
_9101267
830 0 _aMonografías de psicología normal y patológica
_9183327
852 _aES-MaACL
_jB-10752
_bR.22415
999 _c86510
_d86510